<?xml version="1.0" encoding="UTF-8"?>
<record
    xmlns:xsi="http://www.w3.org/2001/XMLSchema-instance"
    xsi:schemaLocation="http://www.loc.gov/MARC21/slim http://www.loc.gov/standards/marcxml/schema/MARC21slim.xsd"
    xmlns="http://www.loc.gov/MARC21/slim">

  <leader>00928nam a2200253Ia 4500</leader>
  <controlfield tag="003">GCL</controlfield>
  <controlfield tag="008">140319s9999    xx            000 0 ara d</controlfield>
  <datafield tag="040" ind1=" " ind2=" ">
    <subfield code="a">GCL / </subfield>
    <subfield code="c">GCL</subfield>
  </datafield>
  <datafield tag="082" ind1="0" ind2="4">
    <subfield code="a">610.3</subfield>
    <subfield code="b">&#x628; &#x642;</subfield>
  </datafield>
  <datafield tag="100" ind1="1" ind2=" ">
    <subfield code="a">&#x627;&#x628;&#x646; &#x633;&#x64A;&#x646;&#x627;:  &#x634;&#x631;&#x641; &#x627;&#x644;&#x645;&#x644;&#x643; &#x627;&#x628;&#x648;&#x639;&#x644;&#x649; &#x627;&#x644;&#x62D;&#x633;&#x64A;&#x646; &#x628;&#x646; &#x639;&#x628;&#x62F;&#x627;&#x644;&#x644;&#x647; &#x627;&#x644;&#x62D;&#x633;&#x64A;&#x646; &#x639;&#x644;&#x649; &#x627;&#x644;&#x628;&#x62E;&#x627;&#x631;&#x649;</subfield>
  </datafield>
  <datafield tag="245" ind1="1" ind2="0">
    <subfield code="a">&#x627;&#x644;&#x642;&#x627;&#x646;&#x648;&#x646; &#x641;&#x649; &#x627;&#x644;&#x637;&#x628; / </subfield>
    <subfield code="c">&#x627;&#x628;&#x646; &#x633;&#x64A;&#x646;&#x627;:  &#x634;&#x631;&#x641; &#x627;&#x644;&#x645;&#x644;&#x643; &#x627;&#x628;&#x648;&#x639;&#x644;&#x649; &#x627;&#x644;&#x62D;&#x633;&#x64A;&#x646; &#x628;&#x646; &#x639;&#x628;&#x62F;&#x627;&#x644;&#x644;&#x647; &#x627;&#x644;&#x62D;&#x633;&#x64A;&#x646; &#x639;&#x644;&#x649; &#x627;&#x644;&#x628;&#x62E;&#x627;&#x631;&#x649;</subfield>
  </datafield>
  <datafield tag="260" ind1=" " ind2=" ">
    <subfield code="a">[S.N] : </subfield>
    <subfield code="b">&#x645;&#x624;&#x633;&#x633;&#x629; &#x639;&#x632; &#x627;&#x644;&#x62F;&#x64A;&#x646; &#x644;&#x644;&#x637;&#x628;&#x627;&#x639;&#x629; &#x648;&#x627;&#x644;&#x646;&#x634;&#x631; &#x60C; </subfield>
    <subfield code="c">1993</subfield>
  </datafield>
  <datafield tag="490" ind1=" " ind2=" ">
    <subfield code="a"></subfield>
  </datafield>
  <datafield tag="650" ind1="0" ind2="4">
    <subfield code="a">&#x627;&#x644;&#x637;&#x628;</subfield>
  </datafield>
  <datafield tag="650" ind1="0" ind2="4">
    <subfield code="a">&#x627;&#x644;&#x637;&#x628; &#x627;&#x644;&#x639;&#x631;&#x628;&#x649;</subfield>
  </datafield>
  <datafield tag="650" ind1="0" ind2="4">
    <subfield code="a">&#x627;&#x644;&#x627;&#x62F;&#x648;&#x64A;&#x629;</subfield>
  </datafield>
  <datafield tag="650" ind1="0" ind2="4">
    <subfield code="a">&#x627;&#x644;&#x62A;&#x631;&#x627;&#x62C;&#x645;</subfield>
  </datafield>
  <datafield tag="650" ind1="0" ind2="4">
    <subfield code="a">&#x627;&#x644;&#x627;&#x645;&#x631;&#x627;&#x636;</subfield>
  </datafield>
  <datafield tag="650" ind1="0" ind2="4">
    <subfield code="a">&#x627;&#x644;&#x639;&#x644;&#x648;&#x645; &#x639;&#x646;&#x62F; &#x627;&#x644;&#x639;&#x631;&#x628;</subfield>
  </datafield>
  <datafield tag="650" ind1="0" ind2="4">
    <subfield code="a">&#x627;&#x644;&#x62D;&#x636;&#x627;&#x631;&#x629; &#x627;&#x644;&#x627;&#x633;&#x644;&#x627;&#x645;&#x64A;&#x629;</subfield>
  </datafield>
  <datafield tag="650" ind1="0" ind2="4">
    <subfield code="a">&#x627;&#x644;&#x62A;&#x634;&#x631;&#x64A;&#x62D;</subfield>
  </datafield>
  <datafield tag="650" ind1="0" ind2="4">
    <subfield code="a">&#x627;&#x628;&#x646; &#x633;&#x64A;&#x646;&#x627;</subfield>
  </datafield>
  <datafield tag="942" ind1=" " ind2=" ">
    <subfield code="2">ddc</subfield>
    <subfield code="c">BK</subfield>
  </datafield>
  <datafield tag="999" ind1=" " ind2=" ">
    <subfield code="c">35000</subfield>
    <subfield code="d">35000</subfield>
  </datafield>
  <datafield tag="952" ind1=" " ind2=" ">
    <subfield code="0">0</subfield>
    <subfield code="1">0</subfield>
    <subfield code="4">0</subfield>
    <subfield code="7">0</subfield>
    <subfield code="a">CAI</subfield>
    <subfield code="b">CAI</subfield>
    <subfield code="d">2014-03-26</subfield>
    <subfield code="l">0</subfield>
    <subfield code="o">610.3\&#x628; &#x642;</subfield>
    <subfield code="p">84926</subfield>
    <subfield code="r">2014-03-26 00:00:00</subfield>
    <subfield code="w">2014-03-26</subfield>
    <subfield code="y">BK</subfield>
  </datafield>
  <datafield tag="952" ind1=" " ind2=" ">
    <subfield code="0">0</subfield>
    <subfield code="1">0</subfield>
    <subfield code="4">0</subfield>
    <subfield code="7">0</subfield>
    <subfield code="a">CAI</subfield>
    <subfield code="b">CAI</subfield>
    <subfield code="d">2014-03-26</subfield>
    <subfield code="l">0</subfield>
    <subfield code="o">610.3\&#x628; &#x642;</subfield>
    <subfield code="p">84927</subfield>
    <subfield code="r">2014-03-26 00:00:00</subfield>
    <subfield code="w">2014-03-26</subfield>
    <subfield code="y">BK</subfield>
  </datafield>
  <datafield tag="952" ind1=" " ind2=" ">
    <subfield code="0">0</subfield>
    <subfield code="1">0</subfield>
    <subfield code="4">0</subfield>
    <subfield code="7">0</subfield>
    <subfield code="a">CAI</subfield>
    <subfield code="b">CAI</subfield>
    <subfield code="d">2014-03-26</subfield>
    <subfield code="l">0</subfield>
    <subfield code="o">610.3\&#x628; &#x642;</subfield>
    <subfield code="p">84928</subfield>
    <subfield code="r">2014-03-26 00:00:00</subfield>
    <subfield code="w">2014-03-26</subfield>
    <subfield code="y">BK</subfield>
  </datafield>
  <datafield tag="952" ind1=" " ind2=" ">
    <subfield code="0">0</subfield>
    <subfield code="1">0</subfield>
    <subfield code="4">0</subfield>
    <subfield code="7">0</subfield>
    <subfield code="a">CAI</subfield>
    <subfield code="b">CAI</subfield>
    <subfield code="d">2014-03-26</subfield>
    <subfield code="l">0</subfield>
    <subfield code="o">610.3\&#x628; &#x642;</subfield>
    <subfield code="p">84929</subfield>
    <subfield code="r">2014-03-26 00:00:00</subfield>
    <subfield code="w">2014-03-26</subfield>
    <subfield code="y">BK</subfield>
  </datafield>
  <datafield tag="952" ind1=" " ind2=" ">
    <subfield code="0">0</subfield>
    <subfield code="1">0</subfield>
    <subfield code="4">0</subfield>
    <subfield code="7">0</subfield>
    <subfield code="a">CAI</subfield>
    <subfield code="b">CAI</subfield>
    <subfield code="d">2014-03-26</subfield>
    <subfield code="l">0</subfield>
    <subfield code="o">610.3\&#x628; &#x642;</subfield>
    <subfield code="p">84930</subfield>
    <subfield code="r">2014-03-26 00:00:00</subfield>
    <subfield code="w">2014-03-26</subfield>
    <subfield code="y">BK</subfield>
  </datafield>
  <datafield tag="952" ind1=" " ind2=" ">
    <subfield code="0">0</subfield>
    <subfield code="1">0</subfield>
    <subfield code="4">0</subfield>
    <subfield code="7">0</subfield>
    <subfield code="a">CAI</subfield>
    <subfield code="b">CAI</subfield>
    <subfield code="d">2014-03-26</subfield>
    <subfield code="l">0</subfield>
    <subfield code="o">610.3\&#x628; &#x642;</subfield>
    <subfield code="p">84931</subfield>
    <subfield code="r">2014-03-26 00:00:00</subfield>
    <subfield code="w">2014-03-26</subfield>
    <subfield code="y">BK</subfield>
  </datafield>
  <datafield tag="952" ind1=" " ind2=" ">
    <subfield code="0">0</subfield>
    <subfield code="1">0</subfield>
    <subfield code="4">0</subfield>
    <subfield code="7">0</subfield>
    <subfield code="a">CAI</subfield>
    <subfield code="b">CAI</subfield>
    <subfield code="d">2014-03-26</subfield>
    <subfield code="l">0</subfield>
    <subfield code="o">610.3\&#x628; &#x642;</subfield>
    <subfield code="p">84932</subfield>
    <subfield code="r">2014-03-26 00:00:00</subfield>
    <subfield code="w">2014-03-26</subfield>
    <subfield code="y">BK</subfield>
  </datafield>
  <datafield tag="952" ind1=" " ind2=" ">
    <subfield code="0">0</subfield>
    <subfield code="1">0</subfield>
    <subfield code="4">0</subfield>
    <subfield code="7">0</subfield>
    <subfield code="a">CAI</subfield>
    <subfield code="b">CAI</subfield>
    <subfield code="d">2014-03-26</subfield>
    <subfield code="l">0</subfield>
    <subfield code="o">610.3\&#x628; &#x642;</subfield>
    <subfield code="p">84933</subfield>
    <subfield code="r">2014-03-26 00:00:00</subfield>
    <subfield code="w">2014-03-26</subfield>
    <subfield code="y">BK</subfield>
  </datafield>
  <datafield tag="952" ind1=" " ind2=" ">
    <subfield code="0">0</subfield>
    <subfield code="1">0</subfield>
    <subfield code="4">0</subfield>
    <subfield code="7">0</subfield>
    <subfield code="a">CAI</subfield>
    <subfield code="b">CAI</subfield>
    <subfield code="d">2014-03-26</subfield>
    <subfield code="l">0</subfield>
    <subfield code="o">610.3\&#x628; &#x642;</subfield>
    <subfield code="p">84934</subfield>
    <subfield code="r">2014-03-26 00:00:00</subfield>
    <subfield code="w">2014-03-26</subfield>
    <subfield code="y">BK</subfield>
  </datafield>
  <datafield tag="952" ind1=" " ind2=" ">
    <subfield code="0">0</subfield>
    <subfield code="1">0</subfield>
    <subfield code="4">0</subfield>
    <subfield code="7">0</subfield>
    <subfield code="a">CAI</subfield>
    <subfield code="b">CAI</subfield>
    <subfield code="d">2014-03-26</subfield>
    <subfield code="l">0</subfield>
    <subfield code="o">610.3\&#x628; &#x642;</subfield>
    <subfield code="p">84935</subfield>
    <subfield code="r">2014-03-26 00:00:00</subfield>
    <subfield code="w">2014-03-26</subfield>
    <subfield code="y">BK</subfield>
  </datafield>
  <datafield tag="952" ind1=" " ind2=" ">
    <subfield code="0">0</subfield>
    <subfield code="1">0</subfield>
    <subfield code="4">0</subfield>
    <subfield code="7">0</subfield>
    <subfield code="a">CAI</subfield>
    <subfield code="b">CAI</subfield>
    <subfield code="d">2014-03-26</subfield>
    <subfield code="l">0</subfield>
    <subfield code="o">610.3\&#x628; &#x642;</subfield>
    <subfield code="p">84936</subfield>
    <subfield code="r">2014-03-26 00:00:00</subfield>
    <subfield code="w">2014-03-26</subfield>
    <subfield code="y">BK</subfield>
  </datafield>
  <datafield tag="952" ind1=" " ind2=" ">
    <subfield code="0">0</subfield>
    <subfield code="1">0</subfield>
    <subfield code="4">0</subfield>
    <subfield code="7">0</subfield>
    <subfield code="a">CAI</subfield>
    <subfield code="b">CAI</subfield>
    <subfield code="d">2014-03-26</subfield>
    <subfield code="l">0</subfield>
    <subfield code="o">610.3\&#x628; &#x642;</subfield>
    <subfield code="p">84937</subfield>
    <subfield code="r">2014-03-26 00:00:00</subfield>
    <subfield code="w">2014-03-26</subfield>
    <subfield code="y">BK</subfield>
  </datafield>
  <datafield tag="952" ind1=" " ind2=" ">
    <subfield code="0">0</subfield>
    <subfield code="1">0</subfield>
    <subfield code="4">0</subfield>
    <subfield code="7">0</subfield>
    <subfield code="a">CAI</subfield>
    <subfield code="b">CAI</subfield>
    <subfield code="d">2014-03-26</subfield>
    <subfield code="l">0</subfield>
    <subfield code="o">610.3\&#x628; &#x642;</subfield>
    <subfield code="p">84938</subfield>
    <subfield code="r">2014-03-26 00:00:00</subfield>
    <subfield code="w">2014-03-26</subfield>
    <subfield code="y">BK</subfield>
  </datafield>
  <datafield tag="952" ind1=" " ind2=" ">
    <subfield code="0">0</subfield>
    <subfield code="1">0</subfield>
    <subfield code="4">0</subfield>
    <subfield code="7">0</subfield>
    <subfield code="a">CAI</subfield>
    <subfield code="b">CAI</subfield>
    <subfield code="d">2014-03-26</subfield>
    <subfield code="l">0</subfield>
    <subfield code="o">610.3\&#x628; &#x642;</subfield>
    <subfield code="p">84939</subfield>
    <subfield code="r">2014-03-26 00:00:00</subfield>
    <subfield code="w">2014-03-26</subfield>
    <subfield code="y">BK</subfield>
  </datafield>
  <datafield tag="952" ind1=" " ind2=" ">
    <subfield code="0">0</subfield>
    <subfield code="1">0</subfield>
    <subfield code="4">0</subfield>
    <subfield code="7">0</subfield>
    <subfield code="a">CAI</subfield>
    <subfield code="b">CAI</subfield>
    <subfield code="d">2014-03-26</subfield>
    <subfield code="l">0</subfield>
    <subfield code="o">610.3\&#x628; &#x642;</subfield>
    <subfield code="p">84940</subfield>
    <subfield code="r">2014-03-26 00:00:00</subfield>
    <subfield code="w">2014-03-26</subfield>
    <subfield code="y">BK</subfield>
  </datafield>
  <datafield tag="952" ind1=" " ind2=" ">
    <subfield code="0">0</subfield>
    <subfield code="1">0</subfield>
    <subfield code="4">0</subfield>
    <subfield code="7">0</subfield>
    <subfield code="a">CAI</subfield>
    <subfield code="b">CAI</subfield>
    <subfield code="d">2014-03-26</subfield>
    <subfield code="l">0</subfield>
    <subfield code="o">610.3\&#x628; &#x642;</subfield>
    <subfield code="p">84941</subfield>
    <subfield code="r">2014-03-26 00:00:00</subfield>
    <subfield code="w">2014-03-26</subfield>
    <subfield code="y">BK</subfield>
  </datafield>
  <datafield tag="952" ind1=" " ind2=" ">
    <subfield code="0">0</subfield>
    <subfield code="1">0</subfield>
    <subfield code="4">0</subfield>
    <subfield code="7">0</subfield>
    <subfield code="a">CAI</subfield>
    <subfield code="b">CAI</subfield>
    <subfield code="d">2014-03-26</subfield>
    <subfield code="l">0</subfield>
    <subfield code="o">610.3\&#x628; &#x642;</subfield>
    <subfield code="p">84942</subfield>
    <subfield code="r">2014-03-26 00:00:00</subfield>
    <subfield code="w">2014-03-26</subfield>
    <subfield code="y">BK</subfield>
  </datafield>
  <datafield tag="952" ind1=" " ind2=" ">
    <subfield code="0">0</subfield>
    <subfield code="1">0</subfield>
    <subfield code="4">0</subfield>
    <subfield code="7">0</subfield>
    <subfield code="a">CAI</subfield>
    <subfield code="b">CAI</subfield>
    <subfield code="d">2014-03-26</subfield>
    <subfield code="l">0</subfield>
    <subfield code="o">610.3\&#x628; &#x642;</subfield>
    <subfield code="p">84943</subfield>
    <subfield code="r">2014-03-26 00:00:00</subfield>
    <subfield code="w">2014-03-26</subfield>
    <subfield code="y">BK</subfield>
  </datafield>
  <datafield tag="952" ind1=" " ind2=" ">
    <subfield code="0">0</subfield>
    <subfield code="1">0</subfield>
    <subfield code="4">0</subfield>
    <subfield code="7">0</subfield>
    <subfield code="a">CAI</subfield>
    <subfield code="b">CAI</subfield>
    <subfield code="d">2014-03-26</subfield>
    <subfield code="l">0</subfield>
    <subfield code="o">610.3\&#x628; &#x642;</subfield>
    <subfield code="p">84944</subfield>
    <subfield code="r">2014-03-26 00:00:00</subfield>
    <subfield code="w">2014-03-26</subfield>
    <subfield code="y">BK</subfield>
  </datafield>
  <datafield tag="952" ind1=" " ind2=" ">
    <subfield code="0">0</subfield>
    <subfield code="1">0</subfield>
    <subfield code="4">0</subfield>
    <subfield code="7">0</subfield>
    <subfield code="a">CAI</subfield>
    <subfield code="b">CAI</subfield>
    <subfield code="d">2014-03-26</subfield>
    <subfield code="l">0</subfield>
    <subfield code="o">610.3\&#x628; &#x642;</subfield>
    <subfield code="p">84945</subfield>
    <subfield code="r">2014-03-26 00:00:00</subfield>
    <subfield code="w">2014-03-26</subfield>
    <subfield code="y">BK</subfield>
  </datafield>
  <datafield tag="952" ind1=" " ind2=" ">
    <subfield code="0">0</subfield>
    <subfield code="1">0</subfield>
    <subfield code="4">0</subfield>
    <subfield code="7">0</subfield>
    <subfield code="a">CAI</subfield>
    <subfield code="b">CAI</subfield>
    <subfield code="d">2014-03-26</subfield>
    <subfield code="l">0</subfield>
    <subfield code="o">610.3\&#x628; &#x642;</subfield>
    <subfield code="p">84946</subfield>
    <subfield code="r">2014-03-26 00:00:00</subfield>
    <subfield code="w">2014-03-26</subfield>
    <subfield code="y">BK</subfield>
  </datafield>
  <datafield tag="952" ind1=" " ind2=" ">
    <subfield code="0">0</subfield>
    <subfield code="1">0</subfield>
    <subfield code="4">0</subfield>
    <subfield code="7">0</subfield>
    <subfield code="a">CAI</subfield>
    <subfield code="b">CAI</subfield>
    <subfield code="d">2014-03-26</subfield>
    <subfield code="l">0</subfield>
    <subfield code="o">610.3\&#x628; &#x642;</subfield>
    <subfield code="p">84947</subfield>
    <subfield code="r">2014-03-26 00:00:00</subfield>
    <subfield code="w">2014-03-26</subfield>
    <subfield code="y">BK</subfield>
  </datafield>
  <datafield tag="952" ind1=" " ind2=" ">
    <subfield code="0">0</subfield>
    <subfield code="1">0</subfield>
    <subfield code="4">0</subfield>
    <subfield code="7">0</subfield>
    <subfield code="a">CAI</subfield>
    <subfield code="b">CAI</subfield>
    <subfield code="d">2014-03-26</subfield>
    <subfield code="l">0</subfield>
    <subfield code="o">610.3\&#x628; &#x642;</subfield>
    <subfield code="p">84948</subfield>
    <subfield code="r">2014-03-26 00:00:00</subfield>
    <subfield code="w">2014-03-26</subfield>
    <subfield code="y">BK</subfield>
  </datafield>
  <datafield tag="952" ind1=" " ind2=" ">
    <subfield code="0">0</subfield>
    <subfield code="1">0</subfield>
    <subfield code="4">0</subfield>
    <subfield code="7">0</subfield>
    <subfield code="a">CAI</subfield>
    <subfield code="b">CAI</subfield>
    <subfield code="d">2014-03-26</subfield>
    <subfield code="l">0</subfield>
    <subfield code="o">610.3\&#x628; &#x642;</subfield>
    <subfield code="p">84949</subfield>
    <subfield code="r">2014-03-26 00:00:00</subfield>
    <subfield code="w">2014-03-26</subfield>
    <subfield code="y">BK</subfield>
  </datafield>
  <datafield tag="952" ind1=" " ind2=" ">
    <subfield code="0">0</subfield>
    <subfield code="1">0</subfield>
    <subfield code="4">0</subfield>
    <subfield code="7">0</subfield>
    <subfield code="a">CAI</subfield>
    <subfield code="b">CAI</subfield>
    <subfield code="d">2014-03-26</subfield>
    <subfield code="l">0</subfield>
    <subfield code="o">610.3\&#x628; &#x642;</subfield>
    <subfield code="p">84950</subfield>
    <subfield code="r">2014-03-26 00:00:00</subfield>
    <subfield code="w">2014-03-26</subfield>
    <subfield code="y">BK</subfield>
  </datafield>
  <datafield tag="952" ind1=" " ind2=" ">
    <subfield code="0">0</subfield>
    <subfield code="1">0</subfield>
    <subfield code="4">0</subfield>
    <subfield code="7">0</subfield>
    <subfield code="a">CAI</subfield>
    <subfield code="b">CAI</subfield>
    <subfield code="d">2014-03-26</subfield>
    <subfield code="l">0</subfield>
    <subfield code="o">610.3\&#x628; &#x642;</subfield>
    <subfield code="p">84951</subfield>
    <subfield code="r">2014-03-26 00:00:00</subfield>
    <subfield code="w">2014-03-26</subfield>
    <subfield code="y">BK</subfield>
  </datafield>
  <datafield tag="952" ind1=" " ind2=" ">
    <subfield code="0">0</subfield>
    <subfield code="1">0</subfield>
    <subfield code="4">0</subfield>
    <subfield code="7">0</subfield>
    <subfield code="a">CAI</subfield>
    <subfield code="b">CAI</subfield>
    <subfield code="d">2014-03-26</subfield>
    <subfield code="l">0</subfield>
    <subfield code="o">610.3\&#x628; &#x642;</subfield>
    <subfield code="p">84952</subfield>
    <subfield code="r">2014-03-26 00:00:00</subfield>
    <subfield code="w">2014-03-26</subfield>
    <subfield code="y">BK</subfield>
  </datafield>
  <datafield tag="952" ind1=" " ind2=" ">
    <subfield code="0">0</subfield>
    <subfield code="1">0</subfield>
    <subfield code="4">0</subfield>
    <subfield code="7">0</subfield>
    <subfield code="a">CAI</subfield>
    <subfield code="b">CAI</subfield>
    <subfield code="d">2014-03-26</subfield>
    <subfield code="l">0</subfield>
    <subfield code="o">610.3\&#x628; &#x642;</subfield>
    <subfield code="p">84953</subfield>
    <subfield code="r">2014-03-26 00:00:00</subfield>
    <subfield code="w">2014-03-26</subfield>
    <subfield code="y">BK</subfield>
  </datafield>
  <datafield tag="952" ind1=" " ind2=" ">
    <subfield code="0">0</subfield>
    <subfield code="1">0</subfield>
    <subfield code="4">0</subfield>
    <subfield code="7">0</subfield>
    <subfield code="a">CAI</subfield>
    <subfield code="b">CAI</subfield>
    <subfield code="d">2014-03-26</subfield>
    <subfield code="l">0</subfield>
    <subfield code="o">610.3\&#x628; &#x642;</subfield>
    <subfield code="p">84954</subfield>
    <subfield code="r">2014-03-26 00:00:00</subfield>
    <subfield code="w">2014-03-26</subfield>
    <subfield code="y">BK</subfield>
  </datafield>
  <datafield tag="952" ind1=" " ind2=" ">
    <subfield code="0">0</subfield>
    <subfield code="1">0</subfield>
    <subfield code="4">0</subfield>
    <subfield code="7">0</subfield>
    <subfield code="a">CAI</subfield>
    <subfield code="b">CAI</subfield>
    <subfield code="d">2014-03-26</subfield>
    <subfield code="l">0</subfield>
    <subfield code="o">610.3\&#x628; &#x642;</subfield>
    <subfield code="p">84955</subfield>
    <subfield code="r">2014-03-26 00:00:00</subfield>
    <subfield code="w">2014-03-26</subfield>
    <subfield code="y">BK</subfield>
  </datafield>
  <datafield tag="952" ind1=" " ind2=" ">
    <subfield code="0">0</subfield>
    <subfield code="1">0</subfield>
    <subfield code="4">0</subfield>
    <subfield code="7">0</subfield>
    <subfield code="a">CAI</subfield>
    <subfield code="b">CAI</subfield>
    <subfield code="d">2014-03-26</subfield>
    <subfield code="l">0</subfield>
    <subfield code="o">610.3\&#x628; &#x642;</subfield>
    <subfield code="p">84956</subfield>
    <subfield code="r">2014-03-26 00:00:00</subfield>
    <subfield code="w">2014-03-26</subfield>
    <subfield code="y">BK</subfield>
  </datafield>
  <datafield tag="952" ind1=" " ind2=" ">
    <subfield code="0">0</subfield>
    <subfield code="1">0</subfield>
    <subfield code="4">0</subfield>
    <subfield code="7">0</subfield>
    <subfield code="a">CAI</subfield>
    <subfield code="b">CAI</subfield>
    <subfield code="d">2014-03-26</subfield>
    <subfield code="l">0</subfield>
    <subfield code="o">610.3\&#x628; &#x642;</subfield>
    <subfield code="p">84957</subfield>
    <subfield code="r">2014-03-26 00:00:00</subfield>
    <subfield code="w">2014-03-26</subfield>
    <subfield code="y">BK</subfield>
  </datafield>
  <datafield tag="952" ind1=" " ind2=" ">
    <subfield code="0">0</subfield>
    <subfield code="1">0</subfield>
    <subfield code="4">0</subfield>
    <subfield code="7">0</subfield>
    <subfield code="a">CAI</subfield>
    <subfield code="b">CAI</subfield>
    <subfield code="d">2014-03-26</subfield>
    <subfield code="l">0</subfield>
    <subfield code="o">610.3\&#x628; &#x642;</subfield>
    <subfield code="p">84958</subfield>
    <subfield code="r">2014-03-26 00:00:00</subfield>
    <subfield code="w">2014-03-26</subfield>
    <subfield code="y">BK</subfield>
  </datafield>
  <datafield tag="952" ind1=" " ind2=" ">
    <subfield code="0">0</subfield>
    <subfield code="1">0</subfield>
    <subfield code="4">0</subfield>
    <subfield code="7">0</subfield>
    <subfield code="a">CAI</subfield>
    <subfield code="b">CAI</subfield>
    <subfield code="d">2014-03-26</subfield>
    <subfield code="l">0</subfield>
    <subfield code="o">610.3\&#x628; &#x642;</subfield>
    <subfield code="p">84959</subfield>
    <subfield code="r">2014-03-26 00:00:00</subfield>
    <subfield code="w">2014-03-26</subfield>
    <subfield code="y">BK</subfield>
  </datafield>
  <datafield tag="952" ind1=" " ind2=" ">
    <subfield code="0">0</subfield>
    <subfield code="1">0</subfield>
    <subfield code="4">0</subfield>
    <subfield code="7">0</subfield>
    <subfield code="a">CAI</subfield>
    <subfield code="b">CAI</subfield>
    <subfield code="d">2014-03-26</subfield>
    <subfield code="l">0</subfield>
    <subfield code="o">610.3\&#x628; &#x642;</subfield>
    <subfield code="p">84960</subfield>
    <subfield code="r">2014-03-26 00:00:00</subfield>
    <subfield code="w">2014-03-26</subfield>
    <subfield code="y">BK</subfield>
  </datafield>
</record>
